000 00687nam a2200205 4500
001 143216
003 ES-MaACL
005 20250817062558.0
007 t|
008 070214s1978 sp r ||||1| spa d
100 1 _aSerradilla Manrique, Juan M.
_9105669
245 1 0 _aCrecimiento, eficacia biológica y variabilidad genética en poblaciones de dípteros /
_cJuan M. Serradilla Manrique.
260 _aMadrid :
_bFundación Juan March,
_c1978 (
_fImp. Ibérica)
300 _a48 p. ;
_c21 cm.
490 1 _aSerie universitaria
710 2 _aFundación Juan March
_94346
830 0 _aSerie universitaria
_9180747
852 _aES-MaACL
_j2108-F-3
_bR.98026
999 _c143216
_d143216